TH-SOF-1005-IMPLEMENTING CMMI, CHALLENGES FOR PAKISTAN SOFTWARE INDUSTRY (Record no. 577383)

000 -LEADER
fixed length control field 00368nam a22001217a 4500
082 ## - DEWEY DECIMAL CLASSIFICATION NUMBER
Classification number 200 THE
100 ## - MAIN ENTRY--PERSONAL NAME
Personal name SOHAIL QADEER ABBASI
9 (RLIN) 15512
245 ## - TITLE STATEMENT
Title TH-SOF-1005-IMPLEMENTING CMMI, CHALLENGES FOR PAKISTAN SOFTWARE INDUSTRY
260 ## - PUBLICATION, DISTRIBUTION, ETC.
Place of publication, distribution, etc. ISLAMABAD
Name of publisher, distributor, etc. NUST COLLEGE OF EME
Date of publication, distribution, etc. 2014
650 ## - SUBJECT ADDED ENTRY--TOPICAL TERM
Topical term or geographic name entry element MS-CSE-10 MSTHESIS
9 (RLIN) 70287
700 ## - ADDED ENTRY--PERSONAL NAME
Personal name DR. AASIA KHANUM
9 (RLIN) 17318
942 ## - ADDED ENTRY ELEMENTS (KOHA)
Koha item type Computer Files
Holdings
Withdrawn status Lost status Damaged status Not for loan Permanent Location Current Location Date acquired Total Checkouts Full call number Barcode Date last seen Price effective from Koha item type
        College of Electrical & Mechanical Engineering (CEME) College of Electrical & Mechanical Engineering (CEME) 11/27/2019   200 THE TH-SOF-1005 06/28/2021 06/28/2021 Computer Files
© 2023 Central Library, National University of Sciences and Technology. All Rights Reserved.